[Event "EYCC 2024 - O16"]
[Site "?"]
[Date "2024.08.22"]
[Round "1.1"]
[White "Von Mettenheim, Johannes"]
[Black "Govoreanu, Matei"]
[Result "1-0"]
[BlackElo "2042"]
[WhiteElo "2340"]
[LiveChessVersion "1.4.8"]

1. d4 {[%clk 1:30:58]} d5 {[%clk 1:30:45]} 2. c4 {[%clk 1:31:25]} c6
{[%clk 1:31:08]} 3. Nc3 {[%clk 1:31:28]} Nf6 {[%clk 1:31:30]} 4. Nf3
{[%clk 1:31:54]} a6 {[%clk 1:31:30]} 5. e3 {[%clk 1:32:02]} b5 {[%clk 1:31:41]}
6. b3 {[%clk 1:31:13]} Bg4 {[%clk 1:31:42]} 7. h3 {[%clk 1:31:36]} Bxf3
{[%clk 1:31:47]} 8. gxf3 {[%clk 1:32:01]} e6 {[%clk 1:26:18]} 9. f4 Bb4
{[%clk 1:21:00]} 10. Bd2 {[%clk 1:31:27]} Bxc3 {[%clk 1:15:04]} 11. Bxc3
{[%clk 1:31:49]} Ne4 {[%clk 1:15:27]} 12. Qc2 {[%clk 1:31:32]} Nd7
{[%clk 1:14:06]} 13. Bd3 {[%clk 1:28:20]} Ndf6 {[%clk 1:04:43]} 14. c5
{[%clk 1:25:14]} Nxc3 {[%clk 1:00:30]} 15. Qxc3 {[%clk 1:25:37]} Ne4
{[%clk 0:59:36]} 16. Qc2 {[%clk 1:25:47]} Qa5+ {[%clk 0:56:08]} 17. Kf1
{[%clk 1:24:43]} f5 {[%clk 0:54:40]} 18. Rg1 {[%clk 1:24:11]} g6 {[%clk 0:49:48]}
19. f3 {[%clk 1:22:53]} Nf6 {[%clk 0:49:28]} 20. a4 {[%clk 1:22:23]} b4
{[%clk 0:44:56]} 21. Qd2 {[%clk 1:21:43]} O-O-O {[%clk 0:44:11]} 22. Qe1
{[%clk 1:20:54]} Kb7 {[%clk 0:42:01]} 23. Ke2 {[%clk 1:19:48]} Ka7
{[%clk 0:40:27]} 24. Kd1 {[%clk 1:18:41]} Rhf8 {[%clk 0:38:54]} 25. Kc1
{[%clk 1:18:26]} Rf7 {[%clk 0:37:11]} 26. Rg2 {[%clk 1:17:52]} Rfd7
{[%clk 0:36:22]} 27. Re2 {[%clk 1:17:07]} Kb7 {[%clk 0:35:07]} 28. Bc2
{[%clk 1:17:03]} Nh5 {[%clk 0:34:19]} 29. Kb2 {[%clk 1:16:41]} Ka7
{[%clk 0:33:57]} 30. Qd2 {[%clk 1:10:22]} Kb7 {[%clk 0:33:25]} 31. Ree1
{[%clk 1:09:57]} Ka7 {[%clk 0:32:46]} 32. Rad1 {[%clk 1:10:19]} Kb7
{[%clk 0:29:58]} 33. Kb1 {[%clk 1:07:22]} Kb8 {[%clk 0:28:13]} 34. Kc1
{[%clk 1:06:14]} Kc7 {[%clk 0:24:36]} 35. Re2 {[%clk 1:02:45]} Ng3
{[%clk 0:22:48]} 36. Rg2 {[%clk 1:03:07]} Nh5 {[%clk 0:23:09]} 37. Qe1
{[%clk 1:03:12]} Kb7 {[%clk 0:23:03]} 38. Re2 {[%clk 1:03:06]} Ka7
{[%clk 0:22:36]} 39. Kb2 {[%clk 1:03:31]} Kb7 {[%clk 0:22:25]} 40. Rd3
{[%clk 1:03:05]} Ka7 {[%clk 0:22:17]} 41. Rd1 {[%clk 1:02:26]} Kb7
{[%clk 0:22:34]} 42. Rg2 {[%clk 1:02:52]} Ka7 {[%clk 0:22:01]} 43. Rg1
{[%clk 1:03:17]} Kb7 {[%clk 0:21:54]} 44. Rd3 {[%clk 1:03:39]} Ka7
{[%clk 0:21:33]} 45. Qd2 {[%clk 1:03:41]} Nf6 {[%clk 0:21:48]} 46. Qe1
{[%clk 1:03:53]} Nh5 {[%clk 0:22:08]} 47. Rf1 {[%clk 1:03:23]} Kb7
{[%clk 0:22:17]} 48. Rd1 {[%clk 1:02:50]} Ka7 {[%clk 0:22:03]} 49. Rf2
{[%clk 1:03:15]} Kb8 {[%clk 0:19:03]} 50. Rfd2 {[%clk 1:03:04]} Ka7
{[%clk 0:19:13]} 51. Bd3 {[%clk 0:55:39]} Kb7 {[%clk 0:19:02]} 52. Bf1
{[%clk 0:55:57]} Ka7 {[%clk 0:19:04]} 53. Rd3 {[%clk 0:54:41]} Kb7
{[%clk 0:18:49]} 54. Qd2 {[%clk 0:54:43]} Nf6 {[%clk 0:18:36]} 55. Qc2
{[%clk 0:54:26]} Ka7 {[%clk 0:18:17]} 56. Re1 {[%clk 0:54:38]} Kb7
{[%clk 0:18:06]} 57. Bg2 {[%clk 0:54:57]} Nh5 {[%clk 0:15:32]} 58. Qd2
{[%clk 0:54:16]} Ka7 {[%clk 0:15:47]} 59. Kb1 {[%clk 0:48:05]} Ka8
{[%clk 0:13:44]} 60. h4 {[%clk 0:27:00]} Rb8 {[%clk 0:12:10]} 61. e4
{[%clk 0:26:45]} Qd8 {[%clk 0:10:49]} 62. exf5 {[%clk 0:26:53]} Qxh4
{[%clk 0:09:33]} 63. fxe6 {[%clk 0:24:10]} Re7 {[%clk 0:09:55]} 64. f5
{[%clk 0:24:26]} Nf4 {[%clk 0:09:29]} 65. Rde3 {[%clk 0:24:36]} gxf5
{[%clk 0:09:34]} 66. Bf1 {[%clk 0:24:06]} a5 {[%clk 0:09:23]} 67. Re5
{[%clk 0:24:24]} Rbe8 {[%clk 0:05:28]} 68. Rxf5 {[%clk 0:11:19]} Nxe6
{[%clk 0:05:41]} 69. Rfe5 {[%clk 0:07:27]} Nc7 {[%clk 0:04:07]} 70. f4
{[%clk 0:06:33]} Rxe5 {[%clk 0:03:40]} 71. dxe5 {[%clk 0:05:29]} Qg3
{[%clk 0:02:46]} 72. Qe3 {[%clk 0:03:14]} Qxe3 {[%clk 0:02:02]} 73. Rxe3
{[%clk 0:03:43]} Rf8 {[%clk 0:01:48]} 74. Bh3 {[%clk 0:03:35]} Rxf4
{[%clk 0:01:27]} 75. Bd7 {[%clk 0:02:50]} Re4 {[%clk 0:01:07]} 76. Rxe4
{[%clk 0:02:58]} dxe4 {[%clk 0:01:35]} 77. e6 {[%clk 0:02:25]} h5
{[%clk 0:00:36]} 78. e7 {[%clk 0:02:51]} 1-0

[Event "EYCC 2024 - O16"]
[Site "?"]
[Date "2024.08.22"]
[Round "1.2"]
[White "Smetana, Peter"]
[Black "Kozlovic, Jernej"]
[Result "0-1"]
[BlackElo "2334"]
[WhiteElo "2038"]
[LiveChessVersion "1.4.8"]

1. e4 {[%clk 1:30:58]} e5 {[%clk 1:30:43]} 2. Nf3 {[%clk 1:31:20]} Nc6
{[%clk 1:30:46]} 3. Nc3 {[%clk 1:31:38]} Nf6 {[%clk 1:30:35]} 4. d4
{[%clk 1:31:37]} exd4 {[%clk 1:30:29]} 5. Nxd4 {[%clk 1:31:50]} Bb4
{[%clk 1:30:09]} 6. Nxc6 {[%clk 1:32:10]} bxc6 {[%clk 1:30:28]} 7. Bd3
{[%clk 1:32:33]} d5 {[%clk 1:30:46]} 8. exd5 {[%clk 1:32:54]} O-O
{[%clk 1:30:06]} 9. O-O {[%clk 1:33:03]} cxd5 {[%clk 1:30:21]} 10. h3
{[%clk 1:33:24]} Rb8 {[%clk 1:28:12]} 11. Qf3 {[%clk 1:32:10]} Be6
{[%clk 1:27:13]} 12. Bf4 Bd6 {[%clk 1:24:47]} 13. b3 {[%clk 1:30:10]} Bxf4
{[%clk 1:23:46]} 14. Qxf4 {[%clk 1:30:26]} c5 {[%clk 1:23:46]} 15. Ne2
{[%clk 1:25:34]} Re8 {[%clk 1:16:51]} 16. Rfe1 {[%clk 1:20:11]} Nh5
{[%clk 1:08:32]} 17. Qf3 {[%clk 1:19:46]} Qg5 {[%clk 1:08:30]} 18. Ng3
{[%clk 1:12:36]} Nf4 {[%clk 0:56:32]} 19. Bf1 {[%clk 1:11:08]} a5
{[%clk 0:54:02]} 20. Kh2 {[%clk 1:08:46]} h5 {[%clk 0:46:51]} 21. Ne2
{[%clk 1:07:02]} Nxe2 {[%clk 0:45:41]} 22. Bxe2 {[%clk 1:06:12]} h4
{[%clk 0:41:52]} 23. Bf1 {[%clk 0:59:46]} Rb4 {[%clk 0:41:19]} 24. Re3
{[%clk 0:53:02]} Rf4 {[%clk 0:39:40]} 25. Qe2 {[%clk 0:53:10]} Qf6
{[%clk 0:39:05]} 26. Qb5 {[%clk 0:44:13]} Rc8 {[%clk 0:37:21]} 27. Rae1
{[%clk 0:43:38]} Rxf2 {[%clk 0:37:30]} 28. Qa6 {[%clk 0:42:04]} Rd8
{[%clk 0:30:22]} 29. Qd3 {[%clk 0:38:11]} Qf4+ {[%clk 0:13:31]} 30. Kg1
{[%clk 0:38:09]} Bf5 {[%clk 0:12:25]} 31. Qb5 {[%clk 0:33:04]} Kh7
{[%clk 0:06:17]} 32. Bd3 {[%clk 0:27:52]} Rd6 {[%clk 0:03:49]} 33. Qxc5
{[%clk 0:18:13]} Bxd3 {[%clk 0:01:39]} 34. Rxd3 {[%clk 0:18:26]} Rf6
{[%clk 0:01:11]} 35. Qxd5 {[%clk 0:13:41]} Rf5 {[%clk 0:00:56]} 36. Qd4
{[%clk 0:11:18]} Rxc2 {[%clk 0:00:50]} 37. Qxf4 Rxf4 38. Rf1 {[%clk 0:08:47]} Re4
{[%clk 0:00:40]} 39. Rxf7 {[%clk 0:08:05]} Ree2 {[%clk 0:00:52]} 40. Rf4
{[%clk 0:06:58]} Rxg2+ {[%clk 0:01:19]} 41. Kf1 {[%clk 0:06:16]} Rh2
{[%clk 0:00:34]} 42. Rxh4+ {[%clk 0:05:57]} Kg8 {[%clk 0:00:52]} 43. Kg1
{[%clk 0:06:01]} Rcg2+ {[%clk 0:01:21]} 44. Kf1 {[%clk 0:06:21]} Rxa2
{[%clk 0:01:45]} 45. Kg1 {[%clk 0:06:38]} Rag2+ {[%clk 0:02:03]} 46. Kf1
{[%clk 0:07:00]} Rb2 {[%clk 0:01:55]} 47. Kg1 {[%clk 0:07:22]} Rhg2+
{[%clk 0:02:19]} 48. Kh1 {[%clk 0:06:43]} Rh2+ {[%clk 0:01:43]} 49. Kg1
{[%clk 0:07:08]} Rbg2+ {[%clk 0:02:07]} 50. Kf1 {[%clk 0:07:32]} Rb2
{[%clk 0:01:29]} 51. Kg1 {[%clk 0:07:51]} Rhc2 {[%clk 0:00:47]} 52. Rf4
{[%clk 0:08:10]} Rg2+ {[%clk 0:00:45]} 53. Kf1 {[%clk 0:08:20]} Rh2
{[%clk 0:00:33]} 54. Kg1 {[%clk 0:08:37]} Rbg2+ {[%clk 0:00:52]} 55. Kf1
{[%clk 0:08:59]} Rb2 {[%clk 0:00:41]} 56. Kg1 {[%clk 0:09:21]} Rhg2+
{[%clk 0:01:05]} 57. Kf1 {[%clk 0:09:40]} Rg5 {[%clk 0:01:22]} 58. Re3
{[%clk 0:07:51]} Rb5 {[%clk 0:01:04]} 59. Ra4 {[%clk 0:08:06]} Kf7
{[%clk 0:00:40]} 60. Kg1 {[%clk 0:08:06]} Rg5+ {[%clk 0:00:32]} 61. Kf1
{[%clk 0:08:13]} Rf5+ {[%clk 0:00:50]} 62. Kg1 {[%clk 0:08:35]} Kf6
{[%clk 0:00:51]} 63. Rg4 {[%clk 0:08:34]} g6 {[%clk 0:00:34]} 64. Rg2
{[%clk 0:08:34]} Rb1+ {[%clk 0:00:56]} 65. Kh2 {[%clk 0:08:57]} Rff1
{[%clk 0:01:05]} 66. Kg3 {[%clk 0:08:34]} Kg7 {[%clk 0:01:09]} 67. Ra2
{[%clk 0:08:40]} Rf5 {[%clk 0:01:18]} 68. Kg2 {[%clk 0:08:52]} Kh6
{[%clk 0:01:14]} 69. Kh2 {[%clk 0:08:48]} Rb5 {[%clk 0:01:30]} 70. Kg2
{[%clk 0:09:07]} Kg5 {[%clk 0:01:39]} 71. Rf3 {[%clk 0:09:03]} Rc5
{[%clk 0:01:44]} 72. Kh2 {[%clk 0:09:18]} Kh5 {[%clk 0:02:06]} 73. Kg2
{[%clk 0:09:40]} g5 {[%clk 0:02:24]} 74. Kh2 {[%clk 0:09:02]} Rcc1
{[%clk 0:02:38]} 75. Kg3 {[%clk 0:06:06]} Rg1+ {[%clk 0:02:26]} 76. Rg2
{[%clk 0:06:32]} Rgd1 {[%clk 0:02:10]} 77. Ra2 {[%clk 0:06:46]} Rd5
{[%clk 0:02:24]} 78. Kg2 {[%clk 0:06:59]} Rbd1 {[%clk 0:02:03]} 79. Re3
{[%clk 0:06:05]} R1d4 {[%clk 0:02:19]} 80. Rf3 {[%clk 0:05:47]} Kh4
{[%clk 0:02:38]} 81. Ra4 {[%clk 0:04:36]} Rxa4 82. bxa4 {[%clk 0:04:59]} Rd2+
{[%clk 0:03:05]} 83. Kg1 {[%clk 0:04:19]} Ra2 {[%clk 0:03:28]} 84. Rb3
{[%clk 0:04:24]} Rxa4 {[%clk 0:03:46]} 85. Kg2 {[%clk 0:04:33]} Ra1
{[%clk 0:00:57]} 86. Kh2 {[%clk 0:04:41]} Ra2+ {[%clk 0:01:12]} 87. Kg1
{[%clk 0:05:05]} Ra4 {[%clk 0:01:09]} 88. Kg2 {[%clk 0:05:30]} Rb4
{[%clk 0:00:57]} 89. Ra3 {[%clk 0:05:50]} a4 {[%clk 0:01:25]} 90. Ra2
{[%clk 0:06:07]} Kh5 {[%clk 0:01:19]} 91. Kh2 {[%clk 0:06:06]} Kg6
{[%clk 0:01:43]} 92. Kg3 {[%clk 0:06:23]} Rb3+ {[%clk 0:01:53]} 93. Kg4
{[%clk 0:06:43]} a3 {[%clk 0:00:58]} 94. Rc2 {[%clk 0:06:56]} Rb4+
{[%clk 0:01:18]} 95. Kg3 {[%clk 0:07:16]} Ra4 {[%clk 0:01:17]} 96. Ra2
{[%clk 0:07:32]} Kf5 {[%clk 0:01:37]} 97. Kf3 {[%clk 0:07:32]} Ke5
{[%clk 0:02:06]} 98. Ke2 {[%clk 0:07:18]} Ke4 {[%clk 0:01:54]} 99. Kd2
{[%clk 0:06:26]} Kf3 {[%clk 0:02:17]} 100. Kc2 {[%clk 0:06:46]} Kg3
{[%clk 0:02:35]} 101. Kb1 {[%clk 0:07:13]} Kxh3 {[%clk 0:02:55]} 102. Rc2
{[%clk 0:07:37]} a2+ {[%clk 0:03:20]} 103. Ka1 {[%clk 0:08:04]} g4
{[%clk 0:03:45]} 104. Rc8 {[%clk 0:07:54]} g3 {[%clk 0:04:07]} 105. Rh8+
{[%clk 0:08:20]} Rh4 {[%clk 0:04:33]} 106. Rg8 {[%clk 0:08:46]} g2
{[%clk 0:04:16]} 107. Kxa2 {[%clk 0:09:11]} Rg4 {[%clk 0:04:42]} 108. Rh8+
{[%clk 0:09:35]} Kg3 {[%clk 0:05:09]} 109. Rb8 {[%clk 0:10:01]} g1=Q
{[%clk 0:05:32]} 110. Rb3+ {[%clk 0:10:26]} Kh4 {[%clk 0:05:57]} 111. Rb2
{[%clk 0:10:47]} Qa7+ {[%clk 0:06:06]} 112. Kb3 {[%clk 0:11:10]} Rg3+
{[%clk 0:06:30]} 0-1

[Event "EYCC 2024 - O16"]
[Site "?"]
[Date "2024.08.22"]
[Round "1.3"]
[White "Erten, Kerem"]
[Black "Kaewpitakkun, Pantham"]
[Result "1-0"]
[BlackElo "2036"]
[WhiteElo "2331"]
[LiveChessVersion "1.4.8"]

1. e4 {[%clk 1:30:39]} c5 {[%clk 1:30:56]} 2. Nf3 {[%clk 1:30:55]} d6
{[%clk 1:31:19]} 3. d4 {[%clk 1:31:14]} cxd4 {[%clk 1:31:45]} 4. Nxd4
{[%clk 1:31:39]} Nf6 {[%clk 1:32:08]} 5. Nc3 {[%clk 1:31:42]} a6 {[%clk 1:32:32]}
6. Be2 {[%clk 1:31:51]} e6 {[%clk 1:31:15]} 7. Be3 {[%clk 1:31:50]} Be7
{[%clk 1:29:53]} 8. f4 d5 9. e5 {[%clk 1:26:03]} Ne4 {[%clk 1:22:23]} 10. Nxe4
{[%clk 1:25:05]} dxe4 {[%clk 1:22:46]} 11. c3 {[%clk 1:20:57]} b5
{[%clk 1:20:04]} 12. O-O {[%clk 1:18:18]} O-O {[%clk 1:19:12]} 13. a4
{[%clk 1:02:37]} bxa4 {[%clk 1:08:53]} 14. Qxa4 {[%clk 1:01:01]} Bb7
{[%clk 1:07:08]} 15. f5 {[%clk 0:52:49]} exf5 {[%clk 0:44:51]} 16. Nxf5
{[%clk 0:52:21]} Nc6 {[%clk 0:39:31]} 17. Qxe4 {[%clk 0:49:02]} Bg5
{[%clk 0:37:59]} 18. Bc5 {[%clk 0:41:23]} Re8 {[%clk 0:37:23]} 19. Nd6
{[%clk 0:33:18]} Rxe5 {[%clk 0:34:39]} 20. Qc4 {[%clk 0:30:23]} Be3+
{[%clk 0:28:39]} 21. Bxe3 {[%clk 0:29:13]} Qxd6 {[%clk 0:29:01]} 22. Qxf7+
{[%clk 0:25:25]} Kh8 {[%clk 0:29:16]} 23. Qxb7 {[%clk 0:24:03]} Rb8
{[%clk 0:29:25]} 24. Rad1 {[%clk 0:23:07]} 1-0

[Event "EYCC 2024 - O16"]
[Site "?"]
[Date "2024.08.22"]
[Round "1.4"]
[White "Sawicki, Dorian"]
[Black "Podolskyi, Mykhailo"]
[Result "0-1"]
[BlackElo "2329"]
[WhiteElo "2030"]
[LiveChessVersion "1.4.8"]

1. d4 {[%clk 1:30:59]} d5 {[%clk 1:30:40]} 2. c4 {[%clk 1:31:23]} e6
{[%clk 1:31:02]} 3. Nc3 {[%clk 1:31:35]} c6 {[%clk 1:31:23]} 4. Nf3
{[%clk 1:31:53]} dxc4 {[%clk 1:31:28]} 5. a4 {[%clk 1:30:45]} Bb4
{[%clk 1:31:27]} 6. e3 {[%clk 1:31:00]} b5 {[%clk 1:31:44]} 7. Bd2
{[%clk 1:30:44]} a5 {[%clk 1:31:58]} 8. axb5 {[%clk 1:30:14]} Bxc3
{[%clk 1:32:19]} 9. Bxc3 {[%clk 1:30:24]} cxb5 {[%clk 1:32:46]} 10. b3
{[%clk 1:30:08]} Bb7 {[%clk 1:33:08]} 11. bxc4 {[%clk 1:29:39]} b4
{[%clk 1:33:32]} 12. Bb2 {[%clk 1:28:05]} Nf6 13. Bd3 {[%clk 1:25:46]} O-O
{[%clk 1:33:28]} 14. O-O {[%clk 1:25:57]} Nbd7 15. Qc2 {[%clk 1:23:39]} Qc7
{[%clk 1:30:40]} 16. e4 {[%clk 1:17:02]} e5 {[%clk 1:29:43]} 17. c5
{[%clk 1:02:57]} exd4 {[%clk 1:17:53]} 18. Bxd4 {[%clk 1:02:57]} Ng4
{[%clk 1:17:27]} 19. Rfc1 {[%clk 0:51:01]} Bc6 {[%clk 1:10:43]} 20. Qb2
{[%clk 0:47:47]} f6 {[%clk 1:08:39]} 21. Bc4+ {[%clk 0:41:14]} Kh8
{[%clk 1:09:06]} 22. Bd5 {[%clk 0:40:39]} Nge5 {[%clk 0:44:52]} 23. Bxe5
{[%clk 0:33:05]} Nxe5 {[%clk 0:45:13]} 24. Nxe5 {[%clk 0:32:05]} fxe5
{[%clk 0:45:41]} 25. Bxc6 {[%clk 0:29:33]} Qxc6 {[%clk 0:46:09]} 26. Qxe5
{[%clk 0:29:34]} b3 {[%clk 0:46:28]} 27. Rc4 {[%clk 0:17:14]} Qb5
{[%clk 0:35:49]} 28. Qc3 {[%clk 0:16:34]} a4 {[%clk 0:28:25]} 29. Rb4
{[%clk 0:11:37]} Qe2 {[%clk 0:28:18]} 30. f3 {[%clk 0:11:27]} Rfd8
{[%clk 0:19:44]} 31. Qe1 {[%clk 0:03:42]} b2 {[%clk 0:19:13]} 32. Rb1
{[%clk 0:03:13]} Qxe1+ {[%clk 0:19:27]} 33. Rxe1 {[%clk 0:03:40]} Rdb8
{[%clk 0:19:44]} 34. Rb6 {[%clk 0:03:13]} a3 {[%clk 0:19:41]} 0-1

[Event "EYCC 2024 - O16"]
[Site "?"]
[Date "2024.08.22"]
[Round "1.5"]
[White "Smeets, Kobe"]
[Black "Brezis, Ari"]
[Result "1-0"]
[BlackElo "2028"]
[WhiteElo "2322"]
[LiveChessVersion "1.4.8"]

1. e4 {[%clk 1:30:56]} c5 {[%clk 1:30:48]} 2. Nf3 {[%clk 1:31:13]} Nc6
{[%clk 1:31:12]} 3. Bb5 {[%clk 1:31:32]} Nf6 {[%clk 1:31:32]} 4. Bxc6
{[%clk 1:31:41]} dxc6 {[%clk 1:31:48]} 5. d3 {[%clk 1:31:54]} g6 {[%clk 1:32:11]}
6. h3 {[%clk 1:31:34]} Bg7 {[%clk 1:32:18]} 7. a4 {[%clk 1:31:52]} a5
{[%clk 1:32:36]} 8. Be3 {[%clk 1:32:12]} b6 {[%clk 1:32:58]} 9. Qd2 e5 10. Bh6
{[%clk 1:25:54]} Bxh6 {[%clk 1:27:12]} 11. Qxh6 {[%clk 1:26:12]} Qe7
{[%clk 1:27:11]} 12. Na3 {[%clk 1:21:52]} Ba6 {[%clk 1:27:09]} 13. b3
{[%clk 1:21:01]} b5 {[%clk 1:21:21]} 14. O-O {[%clk 1:17:26]} b4 {[%clk 1:16:33]}
15. Nc4 {[%clk 1:11:00]} Bxc4 {[%clk 1:16:25]} 16. bxc4 {[%clk 1:11:24]} O-O-O
{[%clk 1:15:53]} 17. Nd2 {[%clk 1:11:19]} Kb7 {[%clk 0:59:29]} 18. Nb3
{[%clk 1:09:29]} Ka6 {[%clk 0:58:44]} 19. Qh4 {[%clk 1:05:55]} Kb6
{[%clk 0:50:13]} 20. f4 {[%clk 1:05:00]} Rd6 {[%clk 0:45:06]} 21. d4
{[%clk 0:51:53]} Rxd4 {[%clk 0:26:05]} 22. Nxd4 {[%clk 0:51:29]} exd4
{[%clk 0:25:51]} 23. f5 {[%clk 0:49:49]} g5 {[%clk 0:19:11]} 24. Qxg5
{[%clk 0:49:53]} Rg8 {[%clk 0:19:39]} 25. Qf4 {[%clk 0:44:01]} Qxe4
{[%clk 0:19:54]} 26. Qf2 {[%clk 0:43:05]} Qe3 {[%clk 0:18:35]} 27. Qxe3
{[%clk 0:31:31]} dxe3 {[%clk 0:19:04]} 28. Rae1 {[%clk 0:31:03]} Re8
{[%clk 0:16:51]} 29. Rf3 {[%clk 0:27:58]} Re4 {[%clk 0:13:54]} 30. Rfxe3
{[%clk 0:27:25]} Rxc4 {[%clk 0:14:15]} 31. Re7 {[%clk 0:21:37]} Rxc2
{[%clk 0:14:17]} 32. Rxf7 {[%clk 0:21:36]} b3 {[%clk 0:14:22]} 33. Rxf6
{[%clk 0:05:26]} b2 {[%clk 0:14:41]} 34. Rf8 {[%clk 0:05:35]} Rc1
{[%clk 0:10:02]} 35. Rb8+ {[%clk 0:05:56]} Kc7 {[%clk 0:10:29]} 36. Rxb2
{[%clk 0:06:12]} Rxe1+ {[%clk 0:10:55]} 37. Kf2 {[%clk 0:04:50]} Re4
{[%clk 0:09:17]} 38. g4 {[%clk 0:01:55]} Rxa4 {[%clk 0:07:31]} 39. Re2
{[%clk 0:01:54]} c4 {[%clk 0:04:11]} 40. f6 {[%clk 0:01:11]} c3 {[%clk 0:04:21]}
41. Kg3 {[%clk 0:01:05]} c2 {[%clk 0:03:04]} 42. Rxc2 {[%clk 0:01:15]} Kd7
{[%clk 0:03:22]} 43. Re2 {[%clk 0:00:59]} Ra1 {[%clk 0:03:17]} 44. Re7+
{[%clk 0:01:03]} Kd8 {[%clk 0:03:30]} 45. Rxh7 {[%clk 0:01:24]} Rf1
{[%clk 0:03:24]} 46. g5 {[%clk 0:01:29]} Ke8 {[%clk 0:03:07]} 47. Kh4
{[%clk 0:01:30]} Kf8 {[%clk 0:02:30]} 48. Kh5 {[%clk 0:01:50]} a4
{[%clk 0:02:23]} 49. Kg6 {[%clk 0:02:01]} Kg8 {[%clk 0:02:44]} 50. Rd7
{[%clk 0:02:16]} 1-0

[Event "EYCC 2024 - O16"]
[Site "?"]
[Date "2024.08.22"]
[Round "1.6"]
[White "Sheahan, Gavin"]
[Black "Leitgeb, Julian"]
[Result "0-1"]
[BlackElo "2313"]
[WhiteElo "2028"]
[LiveChessVersion "1.4.8"]

1. d4 {[%clk 1:30:57]} Nf6 {[%clk 1:30:58]} 2. c4 {[%clk 1:31:17]} e6
{[%clk 1:31:26]} 3. Nf3 {[%clk 1:31:41]} d5 {[%clk 1:31:50]} 4. cxd5
{[%clk 1:32:02]} exd5 {[%clk 1:31:50]} 5. Nc3 {[%clk 1:32:25]} Bb4
{[%clk 1:31:58]} 6. Qa4+ {[%clk 1:32:48]} Nc6 {[%clk 1:32:21]} 7. Bg5
{[%clk 1:33:13]} h6 {[%clk 1:24:19]} 8. Bxf6 Qxf6 {[%clk 1:24:12]} 9. e3
{[%clk 1:33:45]} O-O {[%clk 1:22:27]} 10. Be2 {[%clk 1:34:17]} Be6
{[%clk 1:16:03]} 11. a3 {[%clk 1:34:17]} Be7 {[%clk 1:09:54]} 12. O-O
{[%clk 1:31:58]} a6 {[%clk 1:03:18]} 13. b4 {[%clk 1:27:09]} Bd6 {[%clk 1:02:49]}
14. Rfc1 {[%clk 1:24:44]} Ne7 {[%clk 1:01:05]} 15. Qc2 {[%clk 1:23:32]} Bf5
{[%clk 0:56:56]} 16. Qb3 {[%clk 1:23:16]} c6 {[%clk 0:57:02]} 17. Na4
{[%clk 1:22:53]} Ng6 {[%clk 0:46:59]} 18. Nc5 {[%clk 1:22:12]} Qe7
{[%clk 0:45:44]} 19. a4 {[%clk 1:16:57]} Ra7 {[%clk 0:42:20]} 20. a5
{[%clk 1:11:31]} Nh4 {[%clk 0:33:36]} 21. Ra2 {[%clk 0:58:32]} Re8
{[%clk 0:32:12]} 22. Rb2 {[%clk 0:50:09]} Qf6 {[%clk 0:26:21]} 23. Qd1
{[%clk 0:44:55]} Re7 {[%clk 0:25:17]} 24. g3 {[%clk 0:40:03]} Nxf3+
{[%clk 0:23:23]} 25. Bxf3 {[%clk 0:40:27]} g6 {[%clk 0:19:49]} 26. Kg2
{[%clk 0:27:53]} Kg7 {[%clk 0:19:15]} 27. Bg4 {[%clk 0:25:30]} Be4+
{[%clk 0:13:27]} 28. f3 {[%clk 0:24:42]} Bf5 {[%clk 0:13:16]} 29. Bxf5
{[%clk 0:25:01]} Qxf5 {[%clk 0:10:57]} 30. e4 {[%clk 0:16:29]} dxe4
{[%clk 0:11:26]} 31. fxe4 {[%clk 0:16:57]} Qg5 {[%clk 0:11:25]} 32. e5
{[%clk 0:16:53]} Bxc5 {[%clk 0:10:52]} 33. Rxc5 {[%clk 0:16:46]} Ra8
{[%clk 0:08:12]} 34. h4 {[%clk 0:08:22]} Qf5 {[%clk 0:08:23]} 35. Rf2
{[%clk 0:08:25]} Qd7 {[%clk 0:06:09]} 36. Qf3 {[%clk 0:04:25]} Re6
{[%clk 0:06:16]} 37. d5 {[%clk 0:03:59]} cxd5 {[%clk 0:06:40]} 38. Qxd5
{[%clk 0:02:34]} Qe7 {[%clk 0:05:23]} 39. Rf6 {[%clk 0:01:33]} Rxf6
{[%clk 0:04:57]} 40. exf6+ {[%clk 0:01:58]} Qxf6 {[%clk 0:05:23]} 41. Qxb7
{[%clk 0:02:05]} Rd8 {[%clk 0:05:43]} 42. Rc2 {[%clk 0:02:13]} Qe6
{[%clk 0:04:36]} 43. Qc6 {[%clk 0:01:58]} Rd2+ {[%clk 0:04:02]} 44. Kg1
{[%clk 0:00:34]} Qe1# 0-1

[Event "EYCC 2024 - O16"]
[Site "?"]
[Date "2024.08.22"]
[Round "1.7"]
[White "Medhus, Vitus Bondo"]
[Black "Gungor, Cihan Akif"]
[Result "1-0"]
[BlackElo "2024"]
[WhiteElo "2310"]
[LiveChessVersion "1.4.8"]

1. e4 {[%clk 1:30:57]} e5 {[%clk 1:30:56]} 2. Nf3 {[%clk 1:31:22]} Nc6
{[%clk 1:31:23]} 3. Bb5 {[%clk 1:31:42]} a6 {[%clk 1:31:49]} 4. Ba4
{[%clk 1:32:07]} Nf6 {[%clk 1:32:15]} 5. O-O {[%clk 1:32:27]} b5 {[%clk 1:32:43]}
6. Bb3 {[%clk 1:32:50]} Bc5 {[%clk 1:33:09]} 7. Nc3 {[%clk 1:33:05]} d6
{[%clk 1:32:11]} 8. Nd5 {[%clk 1:33:28]} O-O 9. c3 {[%clk 1:18:45]} Nxe4
{[%clk 1:15:07]} 10. Qe2 {[%clk 1:15:56]} Nf6 {[%clk 1:07:55]} 11. d4
{[%clk 1:00:09]} exd4 {[%clk 1:05:37]} 12. Bg5 {[%clk 0:52:14]} dxc3
{[%clk 1:04:08]} 13. Bc2 {[%clk 0:39:48]} Nb4 {[%clk 0:35:26]} 14. Bxf6
{[%clk 0:39:16]} gxf6 {[%clk 0:35:47]} 15. Nxb4 {[%clk 0:38:15]} Re8
{[%clk 0:32:56]} 16. Qd3 {[%clk 0:37:04]} Bxb4 {[%clk 0:33:10]} 17. Qxh7+
{[%clk 0:36:25]} Kf8 {[%clk 0:33:35]} 18. Nd4 {[%clk 0:36:28]} f5
{[%clk 0:27:03]} 19. Qh6+ {[%clk 0:36:39]} Kg8 {[%clk 0:27:26]} 20. Bxf5
{[%clk 0:36:53]} Be6 {[%clk 0:26:45]} 21. Nxe6 {[%clk 0:36:50]} fxe6
{[%clk 0:26:41]} 22. Bh7+ {[%clk 0:37:11]} 1-0